[Event "RUS-chT Blitz Women 2018"]
[Site "Sochi"]
[Date "2018.10.10"]
[Round "4"]
[White "Guseva, Marina"]
[Black "Belenkaya, Dina"]
[Result "0-1"]
[WhiteElo "2292"]
[BlackElo "2329"]
[Annotator "TA"]
[PlyCount "86"]
[EventDate "2018.10.10"]
[EventType "swiss"]
[EventCountry "RUS"]
[SourceTitle "playchess.com"]
[Source "ChessBase"]
[SourceQuality "1"]

{[%evp 14,86,27,8,12,9,31,20,37,28,29,10,32,3,0,12,85,68,59,37,39,39,58,0,16,-52,22,0,15,15,16,20,99,0,0,0,-2,-40,0,-70,-56,-362,-357,-343,-277,-270,-42,-54,-56,-47,-47,-45,-42,-74,-31,-102,-89,-110,-91,-154,-153,-625,-200,-227,-204,-208,-215,-206,-203,-841,-816,-850,-844,-808,-798]} 1. d4 d5 2. c4 dxc4 3. e4 Nf6 4. e5 Nd5 5. Bxc4 Bf5 6. Ne2 {D20: Queen's Gambit Accepted: 3 e3 and 3 e4} (6. Qb3 c6 7. Ne2 Qb6 8. Qf3 Bxb1 9. Bxd5 cxd5 10. Rxb1 e6 11. O-O Nc6 12. Be3 Be7 13. Nf4 {½-½ (38) Gelfand,B (2703)-Laznicka,V (2662) Novy Bor 2018}) 6... e6 7. O-O Nc6 8. a3 {LiveBook: 3 Games. White has an edge.} Nb6 9. Ba2 Be7 10. Nbc3 Qd7 11. Be3 O-O-O $146 ({Predecessor:} 11... Rd8 12. f4 h6 13. Qe1 Bd3 14. Rd1 Bc4 15. Bxc4 Nxc4 {½-½ (15) Ilincic,Z (2405)-Fominyh,A (2441) Kecskemet 2016}) 12. Qc1 Kb8 13. b4 f6 14. Rd1 Bf8 (14... fxe5 $11 {keeps the balance.} 15. dxe5 Qc8) 15. d5 exd5 16. exf6 {Strongly threatening Bxd5.} gxf6 17. Nxd5 Nxd5 18. Rxd5 Bd6 19. Nf4 (19. Rd2 $11) 19... Ne7 (19... Be4 $1 $15) 20. Rd1 Qc6 21. Qxc6 Nxc6 22. Ne6 Rde8 (22... Rd7 $11 {remains equal.}) 23. Nc5 (23. Ng7 $16 Re5 24. Nxf5 Rxf5 25. Rab1) 23... Be5 $11 24. Rac1 {[%cal Ba1c1,Bc1c4,Bc4a4][%mdl 32]} Bb2 25. Rc4 (25. Na6+ $5 Kc8 26. Rc5 $11) 25... Bxa3 26. b5 (26. Na6+ $11 bxa6 27. Rxc6) 26... Ne5 $15 27. Ra4 $2 {[%mdl 8192]} (27. Rf4 $15 Bxc5 28. Bxc5) 27... Bxc5 $1 $19 ({Less strong is} 27... Bc2 28. Rxa3 Bxd1 29. Ne6 $15) 28. Bxc5 b6 {aiming for ...Bc2.} 29. Be3 Be6 $2 $40 {[%mdl 128] Black has some attack.} ({Black should try} 29... Bc2 $19 30. Rdd4 Bxa4 31. Rxa4 Ng6) 30. Bxe6 $15 Rxe6 31. Rda1 a5 32. bxa6 Ka7 33. h3 c5 {[%cal Bc7c5,Bc5c4][%mdl 32]} 34. Rb1 (34. Rd1 $1 $15) 34... Rc8 35. Rh4 Rc7 36. Bf4 (36. Ra4 $142) 36... c4 $17 37. Re1 $2 {[#]} (37. Be3 $17) 37... Kxa6 $2 (37... Nf3+ $1 {[%mdl 512]} 38. gxf3 Rxe1+ 39. Kh2 Rc8) 38. Bd2 Rec6 39. Bc3 {[#]} Nd3 $1 {[%cal Rd3e1]} 40. Ra1+ Kb7 41. Rh5 $2 (41. Rb1) 41... Nf4 $19 {Black is clearly winning.} 42. Rf5 Ne2+ 43. Kf1 Nxc3 {Precision: White = 15%, Black = 51%.} 0-1

[Event "RUS-chT Blitz Women 2018"]
[Site "Sochi"]
[Date "2018.10.10"]
[Round "4"]
[White "Styazhkina, Anna"]
[Black "Kovanova, Baira"]
[Result "1-0"]
[WhiteElo "2268"]
[BlackElo "2350"]
[Annotator "TA"]
[PlyCount "89"]
[EventDate "2018.10.10"]
[EventType "swiss"]
[EventCountry "RUS"]
[SourceTitle "playchess.com"]
[Source "ChessBase"]
[SourceQuality "1"]

{[%evp 9,89,-40,0,-13,0,3,27,25,23,6,25,26,13,-44,7,12,39,0,18,0,16,20,35,34,26,16,29,43,61,58,55,66,78,61,63,64,94,73,86,39,56,25,233,39,275,11,170,85,196,-4,-4,-81,-104,-236,-185,-185,-98,-103,-104,-127,-125,-143,-127,-129,-127,-127,-127,-185,-185,-298,-128,-245,-193,-201,5510,5497,4994,5473,2267,2043,29982,29979]} 1. e4 e5 2. Nc3 Nf6 3. f4 d5 4. fxe5 Nxe4 5. Qf3 Nxc3 (5... f5 {feels hotter.} 6. d3 Nxc3 7. bxc3 d4 8. Qf4 dxc3 9. Qc4 Nc6) 6. dxc3 {C29: Vienna Game: 2...Nf6 3 f4} (6. bxc3 c5 7. Bb5+ Nc6 8. Qg3 Qb6 9. Rb1 Be6 10. Nf3 O-O-O 11. Rb2 h6 12. O-O Qc7 13. Bxc6 Qxc6 14. d3 {0-1 (40) Dubov,D (2683)-Tomashevsky,E (2713) St Petersburg 2017}) 6... Nc6 7. Bf4 Be6 8. O-O-O {White has an edge.} Qd7 9. h3 O-O-O 10. Bb5 a6 11. Ba4 (11. Bxc6 $11 Qxc6 12. Ne2) 11... Bc5 $146 ({Black should play} 11... b5 $15 12. Bb3 Be7) ({Predecessor:} 11... b5 12. Bb3 Na5 13. Bg5 Nxb3+ 14. axb3 {1-0 (24) Mateus,M (2172)-Porta Tovar,G (1945) Barbera del Valles 2015}) 12. Ne2 $11 h6 13. Nd4 b5 14. Bb3 Nxd4 15. cxd4 Bb6 16. Qe2 Kb7 17. Rhf1 Bf5 18. c3 a5 19. Bc2 Bxc2 20. Qxc2 a4 21. a3 Rhe8 22. Bg3 c6 23. Qf2 Rf8 24. Qf5 {[#] aiming for Qxd7+.} Qe7 25. Qg4 Ba5 $2 (25... Bc7 $11) 26. Kc2 $2 (26. Qxg7 $18 {And now Rd3 would win.} Bxc3 27. bxc3 Qxa3+ 28. Kd2 Qa2+ 29. Ke3 Qxg2 30. Rxf7+ Rxf7 31. Qxf7+ Kb6 32. Bf2) 26... g5 $2 (26... Qg5 $14) 27. h4 $2 (27. Rf6 $18) 27... Bc7 $2 (27... f6 $11 {and Black is okay.}) 28. hxg5 (28. Rf6 $18) 28... hxg5 (28... Rg8 $16 {was worth a try.}) 29. Be1 $2 ({White has to play} 29. Rf6 $18) 29... f6 30. Bd2 (30. exf6 $11 Rxf6 31. Rxf6 Qxf6 32. Bg3) 30... fxe5 $17 31. Bxg5 (31. dxe5 $17 Qxe5 32. Kb1) 31... Qh7+ 32. Kc1 Rde8 (32... Qg7 $19 {...exd4 is the strong threat.} 33. Qh4 Rxf1 34. Rxf1 Rh8) 33. Rxf8 Rxf8 34. Be3 e4 35. Re1 Rg8 36. Qe2 Qg6 37. Rg1 Qg3 38. Bf2 (38. Kc2 $17) 38... Bf4+ $19 39. Kb1 {[#]} (39. Kd1 $142 Qg6 40. Be3 Bxe3 41. Qxe3) 39... Qg4 (39... Qh2 $1 $19 {and Black stays clearly on top.} 40. Qf1 e3) 40. Qc2 (40. Qxg4 $17 {was called for.} Rxg4 41. g3) 40... e3 41. Be1 Qg3 $4 {[%mdl 8192]} (41... e2 $19 42. Qd3 Bh2 43. Qh7+ Bc7) 42. Bxg3 $18 Rxg3 43. Qf5 Bc7 44. Re1 Rxg2 45. Rxe3 {Precision: White = 29%, Black = 17%.} 1-0

[Event "RUS-chT Blitz Women 2018"]
[Site "Sochi"]
[Date "2018.10.10"]
[Round "4"]
[White "Vinokur, Yuliya"]
[Black "Goncharova, Natalia Olegovna"]
[Result "1-0"]
[WhiteElo "2170"]
[BlackElo "2249"]
[Annotator "TA"]
[PlyCount "128"]
[EventDate "2018.10.10"]
[EventType "swiss"]
[EventCountry "RUS"]
[SourceTitle "playchess.com"]
[Source "ChessBase"]
[SourceQuality "1"]

{[%evp 17,128,10,19,-27,27,24,41,37,80,86,82,86,76,55,79,61,281,201,225,222,227,225,208,150,202,196,225,234,214,210,258,270,346,181,357,316,497,388,476,512,468,501,474,455,500,514,528,532,506,312,422,413,524,513,745,732,620,198,181,180,178,174,173,162,263,263,252,241,788,755,714,372,360,133,125,-691,165,102,108,86,107,20,107,107,105,105,106,89,101,94,92,66,4886,2094,29972,29966,29978,29980,29980,29980,29982,29983,29983,29984,29983,29983,29983,29984,29984,29985,29987,29988,29989]} 1. d4 Nf6 2. c4 c5 3. d5 b5 4. cxb5 a6 5. b6 Qxb6 6. Nc3 {A57: Wolga/Benkö-Gambit} g6 7. e4 (7. Nf3 d6 8. a4 Bg7 9. a5 Qa7 10. Nd2 O-O 11. Nc4 Nbd7 12. e4 Ne8 13. Bd3 Rb8 14. O-O Nc7 15. f4 Nb5 {0-1 (36) Rios,C (2436)-Ramirez,A (2566) Panama City 2017}) 7... Bg7 8. a4 {[%cal Ba2a4,Ba4a5][%mdl 32]} O-O 9. Nf3 d6 {LiveBook: 28 Partien} 10. Bd3 Nbd7 $146 (10... e6 $142) ({Vorgänger:} 10... Bg4 11. a5 Qc7 12. Qe2 Nbd7 13. Bxa6 Bxf3 14. gxf3 Nb8 15. Bb5 Rxa5 16. Rxa5 Qxa5 17. Bd2 {0-1 (43) Piro Madraccio,N-Garcia Luengo,L (2170) Ronda 1997}) 11. a5 Qb4 12. O-O c4 13. Ra4 Qb7 14. Rxc4 Nc5 15. Bc2 {zielt auf e5 ab.} Bg4 $1 16. h3 $36 {[%mdl 2048] Weiss kämpft um Vorteil.} Bd7 $2 {[#]} (16... Bxf3 $1 $14 17. Qxf3 (17. gxf3 Rfc8 $14) 17... Nfd7) 17. b4 Bb5 18. Nxb5 (18. bxc5 Bxc4 19. Bd3 Qb4 $17) 18... axb5 19. Rd4 (19. bxc5 bxc4 20. c6 Qb5 $15) 19... Na6 20. Qd2 Rac8 {[#]} (20... Rfc8 $16) 21. Ba3 $1 $18 Nh5 22. Rd3 Rc4 23. Rb3 Rfc8 24. Bd3 R4c7 25. Rbb1 (25. Bb2 $142) 25... Nf6 $2 (25... Rc3 {ist wohl besser.}) 26. Qe2 Rc3 (26... Nh5 {war einen Versuch wert.}) 27. Bb2 Rb3 28. Bxf6 Rxb1 29. Rxb1 ({Und nicht} 29. Bxb1 Bxf6 30. Bd3 Nxb4 $11) 29... Bxf6 30. Bxb5 Nc7 31. Bc6 Qa7 32. Qd3 Rb8 33. Nd2 Be5 34. Nc4 Bg7 35. b5 {[%cal Bb4b5,Bb5b6][%mdl 32]} Qc5 36. b6 Na6 37. Ne3 $2 (37. Bb5) 37... Qxa5 38. b7 Nc5 39. Qc2 Qa7 40. Nc4 Nxb7 (40... Bd4 $142 41. Kh2 Qa6) 41. Qb3 Qd4 42. Bxb7 Rxb7 $2 (42... Qxe4 43. Na5 e6 44. dxe6 Qxe6) 43. Qxb7 Qxc4 {[%mdl 4096] Endspiel KDT-KDL} 44. Qa8+ Bf8 45. Qa1 $2 (45. g3 $18 Qc3 46. Rb8) 45... Qxe4 $16 46. Qa5 $2 {[%mdl 8192]} (46. Rb8 $16 f5 47. Qa8 Qe1+ 48. Kh2 Qe5+ 49. g3) 46... h5 $4 {[%mdl 8192]} (46... Qxb1+ $19 47. Kh2 h5) 47. Re1 (47. Rb8 $18 {Droht stark Dd8.} h4 48. Qd2) 47... Qd4 48. Rc1 Bh6 49. Rc8+ ({Lieber} 49. Qa1 $16 Qg7 50. Qxg7+ Kxg7 51. Rc7) 49... Kg7 (49... Kh7 $11) 50. Qc3 Qxc3 51. Rxc3 {KT-KL} Bd2 52. Rc7 Bg5 53. Kf1 Kf6 54. g3 {[%cal Bg2g3,Bg3f4][%mdl 32]} Ke5 $2 {[%mdl 8192]} (54... h4 $14) 55. f4+ $18 Bxf4 56. gxf4+ {Weiß setzt Matt.} Kxd5 57. Rxe7 {KT-KB} f6 58. Kf2 g5 59. fxg5 fxg5 {KT-K3B} 60. Ke3 g4 61. hxg4 hxg4 62. Rg7 Ke5 63. Rxg4 d5 64. Rg5+ Ke6 {Precision: Weiß = 51%, Schwarz = 22%.} 1-0

[Event "RUS-chT Blitz Women 2018"]
[Site "Sochi"]
[Date "2018.10.10"]
[Round "4"]
[White "Samusenko, Ramziya"]
[Black "Suslova, Alena"]
[Result "1-0"]
[WhiteElo "2075"]
[BlackElo "2157"]
[Annotator "TA"]
[PlyCount "69"]
[EventDate "2018.10.10"]
[EventType "swiss"]
[EventCountry "RUS"]
[SourceTitle "playchess.com"]
[Source "ChessBase"]
[SourceQuality "1"]

{[%evp 12,69,71,62,78,87,87,78,121,123,124,88,89,99,93,56,85,88,83,93,100,93,116,103,207,52,335,200,300,288,329,189,897,900,1168,898,898,894,893,889,889,880,920,918,996,984,995,981,2075,1174,29992,29991,29991,29988,29967,1516,29967,1433,29968,2312]} 1. d4 g6 2. Nc3 Bg7 3. e4 Nf6 4. Be3 d6 5. f3 O-O 6. Qd2 Nbd7 7. g4 c5 {B07: Pirc Defence: Miscellaneous Systems} 8. O-O-O (8. d5 b5 9. Nxb5 a6 10. Nc3 Rb8 11. Nd1 Ne5 12. c3 e6 13. g5 Nh5 14. Be2 exd5 15. exd5 {1-0 (52) Kisic,B (2161)-Karisik,N (2160) Podgorica 2015}) 8... cxd4 9. Bxd4 a6 {[#]White is better.} 10. h4 $1 h5 11. gxh5 $146 ({Predecessor:} 11. g5 Ne8 12. f4 b5 13. e5 dxe5 14. Bxe5 Bxe5 15. fxe5 {1-0 (32) Bonacic,J (1711)-Schulz,J (1806) Rotenburg/Wuemme 2007}) 11... Nxh5 12. Bxg7 Kxg7 13. Nh3 b5 14. Nf4 Nxf4 15. Qxf4 Nf6 16. e5 Nh5 17. Qd4 {[%cal Re5d6]} f6 {[#]} (17... Kh7 $16) 18. exd6 $2 (18. exf6+ $1 $18 Rxf6 19. Ne4) 18... exd6 $2 {[%mdl 8192]} ({Black should play} 18... Qxd6 $14 19. Qxd6 exd6) 19. Rg1 (19. Qxd6 Qxd6 20. Rxd6 Ng3 $14) (19. Bd3 $142 Bf5 20. Bxf5 gxf5 21. Rhg1+ (21. Qxd6 Qxd6 22. Rxd6 Rfd8 $16) 21... Kh7 22. Nd5 (22. Qxd6 Qxd6 23. Rxd6 Nf4 $18)) 19... Bf5 (19... Kh7 $142 20. Be2 (20. Qxd6 Qxd6 21. Rxd6 Bf5 $16) 20... Bf5) 20. Bd3 $18 {Hoping for Bxf5.} (20. Qxd6 Qxd6 21. Rxd6 Rfd8 $14) 20... Bxd3 21. Rxd3 $40 {[%mdl 128] White has strong attack.} (21. cxd3 Kh7 $16) (21. Qxd3 $142 f5 22. Rg5 (22. Qxd6 Qxd6 23. Rxd6 Rf6 $16)) 21... Qa5 $2 (21... Qd7 22. Rd2 (22. Qxd6 Qxd6 23. Rxd6 Rfd8 $16) 22... Kh7) 22. Qg4 Qc7 23. Qxg6+ Kh8 24. Qxh5+ Qh7 25. Qxh7+ Kxh7 26. Rxd6 Ra7 27. Ne4 Raf7 28. Rxa6 Kh6 29. Rb6 Kh5 30. Ng3+ Kxh4 31. Nf5+ Kh3 32. Rxb5 Kh2 33. Rg4 (33. Rg6 $142 Ra7 34. Nh6 f5 35. Nxf5 Rfa8 36. Nd4 Ra5 37. c4 R8a7 38. Nc6 Rxb5 39. cxb5) 33... Rd8 34. Ne3 (34. Nh6 $142 f5 35. Nxf7 fxg4 36. Nxd8 gxf3 37. a4 Kg1 38. a5 Kg2 39. a6) 34... f5 35. Rxf5 {Precision: White = 61%, Black = 10%.} (35. Nxf5 $142 Rh8 36. a4 Kh3 37. Rg5 Rff8 38. f4 Ra8 39. a5 Kh2 40. Re5) 1-0

[Event "RUS-chT Blitz Women 2018"]
[Site "Sochi"]
[Date "2018.10.10"]
[Round "4"]
[White "Vifleemskaia, Svetlana"]
[Black "Kirchei, Viktoriia"]
[Result "1-0"]
[WhiteElo "2030"]
[BlackElo "2002"]
[Annotator "NA RC"]
[PlyCount "75"]
[EventDate "2018.10.10"]
[EventType "swiss"]
[EventCountry "RUS"]
[SourceTitle "playchess.com"]
[Source "ChessBase"]
[SourceQuality "1"]
[TimeControl "180+2"]

1. d4 {[%emt 0:00:00]} d5 {[%emt 0:00:00]} 2. c4 {[%emt 0:00:00]} e6 {[%emt 0:00:00]} 3. Nf3 {[%emt 0:00:09]} c6 {[%emt 0:00:00]} 4. Qc2 {[%emt 0:00:01]} dxc4 {[%emt 0:00:00]} 5. Qxc4 b5 6. Qc2 {[%emt 0:00:04]} Bb7 {[%emt 0:00:02]} 7. e4 {[%emt 0:00:02]} a6 {[%emt 0:00:02]} 8. Bd3 {[%emt 0:00:17]} Nd7 {[%emt 0:00:01]} 9. O-O {[%emt 0:00:06]} Ngf6 {[%emt 0:00:05]} 10. a4 {[%emt 0:00:06]} b4 {[%emt 0:00:15]} 11. Bg5 {[%emt 0:00:04]} Be7 {[%emt 0:00:01]} 12. Nbd2 {[%emt 0:00:10]} Rc8 {[%emt 0:00:10]} 13. Nb3 {[%emt 0:00:12]} c5 {[%emt 0:00:10]} 14. dxc5 {[%emt 0:00:03]} Nxc5 {[%emt 0:00:04]} 15. Nxc5 {[%emt 0:00:02]} Rxc5 {[%emt 0:00:06]} 16. Qe2 {[%emt 0:00:04]} O-O {[%emt 0:00:27]} 17. Rac1 {[%emt 0:00:15]} Nd7 {[%emt 0:00:29]} 18. Bxe7 {[%emt 0:00:20]} Qxe7 {[%emt 0:00:02]} 19. Bxa6 {[%emt 0:00:22]} Bxa6 {[%emt 0:00:30]} 20. Qxa6 {[%emt 0:00:01]} Rxc1 {[%emt 0:00:32]} 21. Rxc1 {[%emt 0:00:01]} Nc5 {[%emt 0:00:00]} 22. Qc6 {[%emt 0:00:19]} Nd3 {[%emt 0:00:01]} 23. Rc2 {[%emt 0:00:06]} Rd8 {[%emt 0:00:05]} 24. g3 {[%emt 0:00:11]} Qf6 {[%emt 0:00:03]} 25. Kg2 {[%emt 0:00:12]} b3 {[%emt 0:00:09]} 26. Rc3 {[%emt 0:00:04]} Nxb2 {[%emt 0:00:03]} 27. Rxb3 {[%emt 0:00:03]} Nd3 {[%emt 0:00:01]} 28. Qc3 {[%emt 0:00:10]} e5 {[%emt 0:00:07]} 29. Qc4 {[%emt 0:00:09]} h6 {[%emt 0:00:06]} 30. Rxd3 {[%emt 0:00:02]} Ra8 {[%emt 0:00:01]} 31. Ra3 {[%emt 0:00:06]} g5 {[%emt 0:00:01]} 32. a5 {[%emt 0:00:02]} g4 {[%emt 0:00:01]} 33. Nh4 {[%emt 0:00:01]} Qg5 {[%emt 0:00:03]} 34. a6 {[%emt 0:00:03]} Qd2 {[%emt 0:00:02]} 35. a7 {[%emt 0:00:05]} Kg7 {[%emt 0:00:07]} 36. Qd5 {[%emt 0:00:04]} Qb4 {[%emt 0:00:06]} 37. Qxa8 {[%emt 0:00:04]} Qxa3 {[%emt 0:00:01]} 38. Qb7 {[%emt 0:00:02]} 1-0

[Event "RUS-chT Blitz Women 2018"]
[Site "Sochi"]
[Date "2018.10.10"]
[Round "4"]
[White "Mamontova, Anastasia"]
[Black "Ershova, Margarita"]
[Result "1-0"]
[WhiteElo "2009"]
[BlackElo "1511"]
[Annotator "NA RC"]
[PlyCount "94"]
[EventDate "2018.10.10"]
[EventType "swiss"]
[EventCountry "RUS"]
[SourceTitle "playchess.com"]
[Source "ChessBase"]
[SourceQuality "1"]
[TimeControl "180+2"]

1. d4 {[%emt 0:00:01]} d6 {[%emt 0:00:00]} 2. c4 {[%emt 0:00:01]} e5 {[%emt 0:00:00]} 3. d5 {[%emt 0:00:05]} f5 {[%emt 0:00:01]} 4. Nc3 {[%emt 0:00:30]} Nf6 {[%emt 0:00:03]} 5. Bg5 {[%emt 0:00:02]} Be7 {[%emt 0:00:06]} 6. g3 {[%emt 0:00:09]} h6 {[%emt 0:00:02]} 7. Bd2 {[%emt 0:00:03]} b6 {[%emt 0:00:07]} 8. Qc2 {[%emt 0:00:19]} O-O {[%emt 0:00:31]} 9. Nf3 {[%emt 0:00:12]} Nh7 {[%emt 0:00:19]} 10. Bh3 {[%emt 0:00:55]} Ng5 {[%emt 0:00:10]} 11. Nxg5 {[%emt 0:00:07]} Bxg5 {[%emt 0:00:01]} 12. O-O-O {[%emt 0:00:11]} Bxd2+ {[%emt 0:00:24]} 13. Rxd2 {[%emt 0:00:05]} a5 {[%emt 0:00:04]} 14. Rg1 {[%emt 0:00:13]} Na6 {[%emt 0:00:10]} 15. e4 {[%emt 0:00:02]} Nb4 {[%emt 0:00:11]} 16. Qb3 {[%emt 0:00:13]} fxe4 {[%emt 0:00:08]} 17. Bxc8 {[%emt 0:00:04]} Qxc8 {[%emt 0:00:02]} 18. Nxe4 {[%emt 0:00:02]} Qf5 {[%emt 0:00:07]} 19. Re1 {[%emt 0:00:06]} Na6 {[%emt 0:00:08]} 20. Qe3 {[%emt 0:00:03]} Nc5 {[%emt 0:00:05]} 21. Nxc5 {[%emt 0:00:03]} bxc5 {[%emt 0:00:02]} 22. Rf1 {[%emt 0:00:06]} Rab8 {[%emt 0:00:03]} 23. Qc3 {[%emt 0:00:02]} a4 {[%emt 0:00:06]} 24. a3 {[%emt 0:00:04]} Rb3 {[%emt 0:00:04]} 25. Qa5 {[%emt 0:00:01]} Qh3 {[%emt 0:00:10]} 26. Rdd1 {[%emt 0:00:08]} Rfb8 {[%emt 0:00:08]} 27. Qxc7 {[%emt 0:00:04]} Rxb2 {[%emt 0:00:04]} 28. Qxd6 {[%emt 0:00:01]} Rb1+ {[%emt 0:00:10]} 29. Kd2 {[%emt 0:00:00]} R8b2+ {[%emt 0:00:02]} 30. Ke3 {[%emt 0:00:01]} Rb3+ {[%emt 0:00:03]} 31. Ke4 {[%emt 0:00:02]} Qg4+ {[%emt 0:00:05]} 32. Kxe5 Rxd1 {[%emt 0:00:09]} 33. Rxd1 {[%emt 0:00:08]} Qxd1 {[%emt 0:00:03]} 34. Qd8+ {[%emt 0:00:02]} Kh7 {[%emt 0:00:01]} 35. Kd6 {[%emt 0:00:01]} Rxa3 {[%emt 0:00:06]} 36. Kxc5 {[%emt 0:00:02]} Qf3 {[%emt 0:00:04]} 37. Qd7 {[%emt 0:00:03]} Qxf2+ {[%emt 0:00:02]} 38. Kc6 {[%emt 0:00:00]} Rb3 {[%emt 0:00:04]} 39. c5 {[%emt 0:00:01]} Rc3 {[%emt 0:00:05]} 40. Kb7 {[%emt 0:00:04]} Qxc5 {[%emt 0:00:02]} 41. Qf5+ {[%emt 0:00:01]} Kg8 {[%emt 0:00:05]} 42. Qe6+ {[%emt 0:00:00]} Kf8 {[%emt 0:00:03]} 43. Qf5+ {[%emt 0:00:01]} Ke8 {[%emt 0:00:06]} 44. Qg6+ {[%emt 0:00:02]} Kd8 {[%emt 0:00:02]} 45. Qxg7 {[%emt 0:00:02]} Qb5+ {[%emt 0:00:02]} 46. Ka7 {[%emt 0:00:02]} Rc7+ {[%emt 0:00:02]} 47. Qxc7+ {[%emt 0:00:02]} Kxc7 {[%emt 0:00:02]} 1-0

[Event "RUS-chT Blitz Women 2018"]
[Site "Sochi"]
[Date "2018.10.10"]
[Round "4"]
[White "Bondareva, Daria"]
[Black "Shendrik, Zhanna"]
[Result "1-0"]
[WhiteElo "1979"]
[BlackElo "1934"]
[Annotator "NA RC"]
[PlyCount "111"]
[EventDate "2018.10.10"]
[EventType "swiss"]
[EventCountry "RUS"]
[SourceTitle "playchess.com"]
[Source "ChessBase"]
[SourceQuality "1"]
[TimeControl "180+2"]

1. e4 {[%emt 0:00:00]} c5 {[%emt 0:00:00]} 2. d4 {[%emt 0:00:00]} cxd4 {[%emt 0:00:02]} 3. c3 {[%emt 0:00:00]} e6 {[%emt 0:00:01]} 4. cxd4 {[%emt 0:00:03]} Nf6 {[%emt 0:00:01]} 5. Nc3 {[%emt 0:00:01]} a6 {[%emt 0:00:05]} 6. Be2 {[%emt 0:00:27]} b5 {[%emt 0:00:09]} 7. Bf3 {[%emt 0:00:02]} Bb7 {[%emt 0:00:01]} 8. e5 {[%emt 0:00:05]} Nd5 {[%emt 0:00:06]} 9. Nxd5 {[%emt 0:00:02]} exd5 {[%emt 0:00:10]} 10. Ne2 {[%emt 0:00:09]} d6 {[%emt 0:00:16]} 11. exd6 {[%emt 0:00:29]} Bxd6 {[%emt 0:00:04]} 12. O-O {[%emt 0:00:02]} O-O {[%emt 0:00:03]} 13. Kh1 {[%emt 0:00:23]} Nd7 {[%emt 0:00:03]} 14. Nc3 {[%emt 0:00:21]} Nb6 {[%emt 0:00:04]} 15. Qb3 {[%emt 0:00:02]} Qh4 {[%emt 0:00:11]} 16. g3 {[%emt 0:00:43]} Qxd4 {[%emt 0:00:37]} 17. Bg2 {[%emt 0:00:01]} Nc4 {[%emt 0:00:24]} 18. a4 {[%emt 0:00:14]} b4 {[%emt 0:00:13]} 19. Ne2 {[%emt 0:00:01]} Qg4 {[%emt 0:00:05]} 20. Nf4 {[%emt 0:00:13]} Bxf4 {[%emt 0:00:19]} 21. Bxf4 a5 22. Rad1 {[%emt 0:00:12]} Rfd8 {[%emt 0:00:03]} 23. Rd4 {[%emt 0:00:05]} Qe2 {[%emt 0:00:10]} 24. Rfd1 {[%emt 0:00:02]} Qxb2 {[%emt 0:00:05]} 25. Qd3 {[%emt 0:00:05]} Qc3 {[%emt 0:00:16]} 26. Qxc3 {[%emt 0:00:02]} bxc3 {[%emt 0:00:01]} 27. Bc1 {[%emt 0:00:04]} Bc6 {[%emt 0:00:07]} 28. Bxd5 {[%emt 0:00:02]} Bxd5+ {[%emt 0:00:02]} 29. Rxd5 {[%emt 0:00:00]} Rxd5 {[%emt 0:00:05]} 30. Rxd5 {[%emt 0:00:01]} Rb8 {[%emt 0:00:08]} 31. Rc5 {[%emt 0:00:03]} Nb6 {[%emt 0:00:05]} 32. Rxa5 {[%emt 0:00:03]} h6 {[%emt 0:00:04]} 33. Kg2 {[%emt 0:00:01]} Nc4 {[%emt 0:00:02]} 34. Rc5 {[%emt 0:00:01]} Nb6 {[%emt 0:00:02]} 35. a5 {[%emt 0:00:00]} Na4 {[%emt 0:00:04]} 36. Rc4 {[%emt 0:00:01]} Nb2 {[%emt 0:00:00]} 37. Rxc3 {[%emt 0:00:01]} Ra8 {[%emt 0:00:00]} 38. Bxb2 {[%emt 0:00:01]} Rxa5 {[%emt 0:00:00]} 39. Rc8+ {[%emt 0:00:03]} Kh7 {[%emt 0:00:01]} 40. Rc7 {[%emt 0:00:01]} Kg6 {[%emt 0:00:01]} 41. Bc3 {[%emt 0:00:03]} Rb5 {[%emt 0:00:01]} 42. Rc6+ {[%emt 0:00:04]} Kh7 {[%emt 0:00:03]} 43. Bd4 {[%emt 0:00:01]} Rd5 {[%emt 0:00:02]} 44. Be3 {[%emt 0:00:01]} Rb5 {[%emt 0:00:01]} 45. h4 {[%emt 0:00:01]} Rd5 {[%emt 0:00:00]} 46. g4 {[%emt 0:00:02]} Rd7 {[%emt 0:00:01]} 47. Kg3 {[%emt 0:00:03]} Rd5 {[%emt 0:00:01]} 48. g5 {[%emt 0:00:02]} hxg5 {[%emt 0:00:02]} 49. hxg5 {[%emt 0:00:01]} Rb5 {[%emt 0:00:03]} 50. f4 {[%emt 0:00:01]} Rb3 {[%emt 0:00:01]} 51. Kf3 {[%emt 0:00:01]} Rb4 {[%emt 0:00:04]} 52. f5 {[%emt 0:00:01]} Rb5 {[%emt 0:00:04]} 53. Kg4 {[%emt 0:00:01]} Rb4+ {[%emt 0:00:01]} 54. Bf4 {[%emt 0:00:02]} Ra4 {[%emt 0:00:08]} 55. g6+ {[%emt 0:00:01]} fxg6 {[%emt 0:00:05]} 56. fxg6+ {[%emt 0:00:01]} 1-0